Normal view MARC view

Entry Nombre corporativo

Number of records used in: 1

001 - NÚMERO DE CONTROL

  • campo de control: 28490

003 - IDENTIFICADOR DEL NÚMERO DE CONTROL

  • campo de control: FranzMayer

005 - FECHA Y HORA DE LA ÚLTIMA TRANSACCIÓN

  • campo de control: 20220722165010.0

008 - DATOS DE LONGITUD FIJA

  • campo de control de longitud fija: 220722|| aca||aabn | a|a d

040 ## - FUENTE DE LA CATALOGACIÓN

  • Centro catalogador/agencia de origen: FranzMayer
  • Centro/agencia transcriptor: FranzMayer

110 ## - ENCABEZAMIENTO-NOMBRE DE ENTIDAD CORPORATIVA

  • Nombre de entidad corporativa o nombre de jurisdicción como elemento de entrada: Haute école d'art et de design (Geneva, Switzerland)
  • Subdivisión de forma: Catálogo
  • Subdivisión general: Estudiantes
  • Subdivisión general: Diseño
  • Subdivisión general: Arte
  • Subdivisión cronológica: 2008-2018

670 ## - FUENTE DE DATOS ENCONTRADOS

  • Cita de la fuente: Work cat.: (FranzMayer)10834: Out of my Head : , 2018